000 00546nam a2200181Ia 4500
008 151202s9999||||xx |||||||||||||| ||und||
082 _bPNVM-71739
100 _aLANDAU SIDNEY.
245 _aWebsters Student Dictionary fo the english language.
260 _bTRIDENT PRESS INTERNATIONAL.
260 _c7173
300 _a860
600 _aLANDAU SIDNEY.
630 _aWebsters Student Dictionary fo the english language.
700 _aLANDAU SIDNEY.
730 _aWebsters Student Dictionary fo the english language.
942 _cBOOK
999 _c1338408
_d1338405